000 00500nam a2200169Ia 4500
008 180921t2016 xxu||||| |||| 00| 0 sin d
041 _asin
080 _aX8C32
_bPER
100 _aPerera, Swarnakanthi
245 _aසොඳුරැ සැරිසර කෙටිකතා සංග්‍රහය
246 _aSoduru Sarisara Keti Katha Sangrahaya
260 _bSarasawi
_aNugegoda
_c2016
300 _a135p, 21cm
942 _cBK
999 _c9902
_d9902
003 LK-CoDNM
040 _aLK-CoDNM
_dLK-CoDNM
_eLK-CoDNM